[Event "DVM U16 2014"]
[Site "Magdeburg GER"]
[Date "2014.12.28"]
[Round "4"]
[White "Denkert, Robert"]
[Black "Kragge, Jan"]
[Result "1/2-1/2"]
[Termination "normal"]
[Board "8.3"]
[WhiteElo "1711"]
[BlackElo "1800"]
[WhiteTeam "SV Empor Berlin"]
[BlackTeam "Stader SV"]
[PlyCount "112"]
[WhiteFideId "12957216"]
[BlackFideId "12930415"]
[EventCountry "GER"]
[EventRounds "7"]
[EventType "team-swiss"]
[EventDate "2014.12.26"]

1. e4 d5 2. exd5 Qxd5 3. Nc3 Qa5 4. Bc4 Nf6 5. Nf3 Bg4 6. O-O e6 7. h3 Bh5 8.
d3 c6 9. Re1 Be7 10. Bf4 O-O 11. d4 Nbd7 12. Qe2 Qb4 13. Bb3 Bxf3 14. Qxf3 Qxd4
15. Rad1 Qb6 16. Bg5 Rfe8 17. Ne2 Bc5 18. Nf4 e5 19. Rxd7 Bxf2+ 20. Qxf2 Qxf2+
21. Kxf2 Nxd7 22. Nd3 e4 23. Nc1 Nf6 24. Bxf6 gxf6 25. g4 Re5 26. Ke3 Rae8 27.
Rf1 Kg7 28. Ne2 R8e7 29. Ng3 Kg6 30. Nh5 f5 31. Ng3 fxg4 32. hxg4 f6 33. c3 h5
34. Nxh5 f5 35. Nf4+ Kg5 36. gxf5 Rxf5 37. Nh3+ Kg4 38. Rxf5 Kxf5 39. Bc2 Ke5
40. Nf2 Rh7 41. Bxe4 Rh8 42. Nd3+ Kd6 43. Kd4 Rh4 44. b4 Rh2 45. a4 Ra2 46. a5
b6 47. axb6 axb6 48. c4 Rd2 49. Kc3 Re2 50. c5+ Kc7 51. cxb6+ Kxb6 52. Nc5 Re1
53. Na4+ Kb5 54. Kb3 Re3+ 55. Nc3+ Kb6 56. Kc4 Rxc3+ 1/2-1/2

[Event "DVM U16 2014"]
[Site "Magdeburg GER"]
[Date "2014.12.28"]
[Round "4"]
[White "Fragel, Max"]
[Black "Topaj, Dan"]
[Result "1-0"]
[Termination "normal"]
[Board "8.4"]
[WhiteElo "1768"]
[BlackElo "1379"]
[WhiteTeam "Stader SV"]
[BlackTeam "SV Empor Berlin"]
[PlyCount "131"]
[WhiteFideId "12914193"]
[BlackFideId "24693979"]
[EventCountry "GER"]
[EventRounds "7"]
[EventType "team-swiss"]
[EventDate "2014.12.26"]

1. e4 g6 2. d4 d6 3. Nc3 Bg7 4. Be3 c6 5. Bc4 Nf6 6. f3 b5 7. Bb3 a5 8. a3 Nbd7
9. d5 cxd5 10. Bxd5 Nxd5 11. Qxd5 Ba6 12. Bd4 e5 13. Be3 Ke7 14. Nh3 Nf6 15.
Bg5 h6 16. Bxf6+ Bxf6 17. b3 Rc8 18. Qd2 Rc5 19. Nd5+ Ke6 20. Rd1 Bg7 21. b4
axb4 22. axb4 Rc8 23. O-O Bb7 24. Nf2 Rb8 25. Ng4 f5 26. Nge3 f4 27. Ng4 h5 28.
Nf2 Bxd5 29. Qxd5+ Ke7 30. Rd2 Qb6 31. Rfd1 Rhd8 32. Kf1 Rbc8 33. Qb3 Qc6 34.
Rc1 Qc4+ 35. Qxc4 Rxc4 36. Nd3 d5 37. Nc5 Rd4 38. Rcd1 dxe4 39. Rxd4 Rxd4 40.
Rxd4 exd4 41. fxe4 g5 42. Nd3 Bh6 43. Kf2 g4 44. h3 f3 45. hxg4 hxg4 46. gxf3
Be3+ 47. Kg2 gxf3+ 48. Kxf3 Kf6 49. Kg4 Bd2 50. Kf3 Kg5 51. Nc5 Be3 52. Ke2 Kf4
53. Kd3 Bf2 54. Ne6+ Ke5 55. Nc7 Be1 56. Nxb5 Bxb4 57. Nxd4 Bc5 58. c3 Bb6 59.
Nb3 Ba7 60. c4 Bb6 61. Nd2 Bc5 62. Nf3+ Kf4 63. Nd4 Ke5 64. Nb3 Kd6 65. Nxc5
Kxc5 66. e5 1-0

[Event "DVM U16 2014"]
[Site "Magdeburg GER"]
[Date "2014.12.28"]
[Round "4"]
[White "Bauer, Björn-Benny"]
[Black "Engert, Marvin"]
[Result "1-0"]
[Termination "normal"]
[Board "9.1"]
[WhiteElo "1966"]
[BlackElo "1689"]
[WhiteTeam "SK Gau-Algesheim"]
[BlackTeam "SG Turm Leipzig"]
[PlyCount "116"]
[WhiteFideId "24698741"]
[BlackFideId "12901164"]
[EventCountry "GER"]
[EventRounds "7"]
[EventType "team-swiss"]
[EventDate "2014.12.26"]

1. d4 Nf6 2. Nf3 g6 3. c4 Bg7 4. Nc3 O-O 5. e4 d6 6. Be2 e5 7. d5 Ne8 8. O-O f5
9. Ne1 f4 10. Nd3 Nd7 11. Bd2 Nc5 12. Nxc5 dxc5 13. Na4 Qe7 14. a3 Nd6 15. f3
b6 16. b4 Nb7 17. bxc5 Nxc5 18. Bb4 a5 19. Bxc5 bxc5 20. Rb1 Ba6 21. Rb3 Rfd8
22. Qc2 Bf8 23. Rfb1 g5 24. Nb2 h5 25. Nd1 Qe8 26. Nc3 Qd7 27. Nb5 Bg7 28. Qd2
Bc8 29. R3b2 Kh7 30. Nc3 Ba6 31. Qd3 Bh6 32. Bd1 g4 33. Ba4 Qd6 34. Bb5 Bc8 35.
Qf1 gxf3 36. gxf3 Rg8+ 37. Kh1 Qe7 38. Bc6 Ra7 39. Rb8 Qh4 40. Rxc8 Rxc8 41.
Nb5 Ra6 42. Bb7 Raa8 43. Bxa8 Rxa8 44. Nxc7 Rg8 45. Ne6 Bf8 46. Rb5 Qf6 47.
Rxa5 Qf7 48. Rb5 Kh6 49. a4 Rg6 50. a5 Bd6 51. a6 Rg8 52. Rb7 Qe8 53. Rb6 Qd7
54. Nxc5 Qc7 55. Rc6 Qe7 56. Nb7 Rg6 57. Qb1 Kh7 58. Rxd6 Rxd6 1-0

[Event "DVM U16 2014"]
[Site "Magdeburg GER"]
[Date "2014.12.28"]
[Round "4"]
[White "Storch, Domenic"]
[Black "Grieb, Lukas"]
[Result "1-0"]
[Termination "normal"]
[Board "9.2"]
[WhiteElo "1596"]
[BlackElo "1615"]
[WhiteTeam "SG Turm Leipzig"]
[BlackTeam "SK Gau-Algesheim"]
[PlyCount "49"]
[WhiteFideId "16200470"]
[BlackFideId "1271993"]
[EventCountry "GER"]
[EventRounds "7"]
[EventType "team-swiss"]
[EventDate "2014.12.26"]

1. d4 d5 2. c4 e6 3. cxd5 exd5 4. Nc3 Nf6 5. Nf3 Bd6 6. Qc2 O-O 7. Bg5 c6 8. e3
Nbd7 9. Bd3 h6 10. h4 b5 11. O-O-O a5 12. Rdg1 Bb7 13. g4 b4 14. Na4 c5 15.
Bxf6 Nxf6 16. dxc5 Bxc5 17. g5 Rc8 18. Nxc5 hxg5 19. hxg5 Ne4 20. Rh4 Rxc5 21.
Qxc5 Nxc5 22. Bh7+ Kh8 23. Bf5+ Kg8 24. Rgh1 Nd3+ 25. Kb1 1-0

[Event "DVM U16 2014"]
[Site "Magdeburg GER"]
[Date "2014.12.28"]
[Round "4"]
[White "Erlekam, Simon"]
[Black "Hummel, Felician"]
[Result "1-0"]
[Termination "normal"]
[Board "9.3"]
[WhiteElo "1846"]
[BlackElo "1627"]
[WhiteTeam "SK Gau-Algesheim"]
[BlackTeam "SG Turm Leipzig"]
[PlyCount "119"]
[WhiteFideId "12921416"]
[BlackFideId "16200489"]
[EventCountry "GER"]
[EventRounds "7"]
[EventType "team-swiss"]
[EventDate "2014.12.26"]

1. e4 e6 2. d4 d5 3. Nd2 Nf6 4. Bd3 c5 5. c3 Nc6 6. Ngf3 Qb6 7. Qb3 Qxb3 8.
axb3 cxd4 9. Nxd4 Nxd4 10. cxd4 dxe4 11. Nxe4 Be7 12. O-O O-O 13. Bd2 a6 14.
Rac1 Rd8 15. Be3 Bd7 16. Nxf6+ Bxf6 17. Be4 Bb5 18. Rfd1 Rd7 19. Rc2 Rad8 20.
Rcd2 Be7 21. f4 f5 22. Bf3 Bb4 23. Rc2 Ba5 24. Kf2 Bb6 25. Rcd2 Rc7 26. Kg3 Ba5
27. Rf2 Rcd7 28. h3 Bc7 29. Kh2 Bb6 30. Rfd2 a5 31. Bg1 g5 32. g3 Bc7 33. Be3
gxf4 34. gxf4 Kf7 35. d5 b6 36. Kg2 Ke7 37. Kf2 Ba6 38. dxe6 Rxd2+ 39. Rxd2
Rxd2+ 40. Bxd2 Kxe6 41. Ke3 Bf1 42. h4 Bd8 43. h5 Bb5 44. Bc3 a4 45. Bd1 axb3
46. Bxb3+ Kd7 47. h6 Be7 48. Bg7 Ke8 49. Bg8 Bf8 50. Bxf8 Kxf8 51. Bxh7 Bd7 52.
Bg6 b5 53. b4 Kg8 54. Kd4 Be6 55. Ke5 Bd7 56. Bxf5 Be8 57. h7+ Kh8 58. Be4 Bd7
59. Bg6 Bc6 60. f5 1-0

[Event "DVM U16 2014"]
[Site "Magdeburg GER"]
[Date "2014.12.28"]
[Round "4"]
[White "Buschmann, Johannes"]
[Black "Jusman, Jesse Samuel"]
[Result "1-0"]
[Termination "normal"]
[Board "9.4"]
[WhiteElo "1383"]
[BlackElo "1253"]
[WhiteTeam "SG Turm Leipzig"]
[BlackTeam "SK Gau-Algesheim"]
[PlyCount "95"]
[WhiteFideId "16200497"]
[BlackFideId "12926043"]
[EventCountry "GER"]
[EventRounds "7"]
[EventType "team-swiss"]
[EventDate "2014.12.26"]

1. e4 c5 2. Nf3 e6 3. d4 cxd4 4. Nxd4 a6 5. Nc3 Qc7 6. Be2 b5 7. a3 Bb7 8. O-O
Nf6 9. Bf3 Be7 10. Re1 d6 11. Be3 Nbd7 12. Qe2 O-O 13. Rad1 Rac8 14. Nb3 Rfd8
15. Bf4 Bc6 16. Qd3 e5 17. Bg5 h6 18. Bxf6 Nxf6 19. Nc1 Rd7 20. Qe2 Qd8 21. Nd3
Rdc7 22. Rd2 Rd7 23. Rdd1 g6 24. Nb4 Bb7 25. Nbd5 Bxd5 26. Nxd5 Nxd5 27. Rxd5
Rc5 28. Red1 Qc7 29. c3 h5 30. Qd2 Kg7 31. Rxc5 Qxc5 32. Qd5 Qxd5 33. Rxd5 Rc7
34. Bd1 Rc4 35. f3 Kf6 36. Bb3 Rc5 37. Kf2 Bf8 38. Ke2 Ke7 39. Kd3 Kd7 40. Rxc5
dxc5 41. Bxf7 c4+ 42. Kc2 h4 43. Bxg6 a5 44. Bf7 Ke7 45. Bd5 Kd7 46. g3 Be7 47.
gxh4 Bxh4 48. a4 1-0

[Event "DVM U16 2014"]
[Site "Magdeburg GER"]
[Date "2014.12.28"]
[Round "4"]
[White "Bykov, Ilya"]
[Black "Mao, Yvonne"]
[Result "1-0"]
[Termination "normal"]
[Board "10.1"]
[WhiteElo "1732"]
[BlackElo "1544"]
[WhiteTeam "Karlsruher SF 1853"]
[BlackTeam "SK 1980 Gernsheim"]
[PlyCount "90"]
[WhiteFideId "12918059"]
[BlackFideId "12942561"]
[EventCountry "GER"]
[EventRounds "7"]
[EventType "team-swiss"]
[EventDate "2014.12.26"]

1. d3 d5 2. Nf3 Nf6 3. g3 c5 4. Bg2 Nc6 5. O-O e6 6. Nbd2 Be7 7. e4 Qc7 8. Ne1
b6 9. f4 Bb7 10. e5 Nd7 11. Qg4 g6 12. c3 h5 13. Qe2 a5 14. a4 Ba6 15. h4 O-O-O
16. Nc2 Kb8 17. Re1 Rdf8 18. Qf3 Bb7 19. d4 Rhg8 20. Qd3 Ka7 21. Bf1 Ncb8 22.
Kh2 Ba6 23. c4 Rc8 24. b3 Rh8 25. Qf3 Bb7 26. Qe2 Ba6 27. Bb2 Rhg8 28. Qf3 Bb7
29. Na3 Ka8 30. Nb5 Qd8 31. Bg2 Bc6 32. Qd3 Na6 33. Ba3 Bxb5 34. axb5 Nc7 35.
cxd5 Nxd5 36. Qc4 cxd4 37. Bxd5+ exd5 38. Qxd5+ Ka7 39. Qxd4 Rc2 40. Bxe7 Qxe7
41. Rxa5+ Kb7 42. Qd5+ Kc8 43. Ra7 Rc7 44. Rc1 Rxc1 45. Qb7+ Kd8 1-0

[Event "DVM U16 2014"]
[Site "Magdeburg GER"]
[Date "2014.12.28"]
[Round "4"]
[White "Müller, Tobias"]
[Black "Joeres, Stefan"]
[Result "0-1"]
[Termination "normal"]
[Board "10.2"]
[WhiteElo "1473"]
[BlackElo "1653"]
[WhiteTeam "SK 1980 Gernsheim"]
[BlackTeam "Karlsruher SF 1853"]
[PlyCount "118"]
[WhiteFideId "12947334"]
[BlackFideId "12983160"]
[EventCountry "GER"]
[EventRounds "7"]
[EventType "team-swiss"]
[EventDate "2014.12.26"]

1. d4 d5 2. c4 e6 3. Nc3 Nf6 4. Nf3 Nbd7 5. Bg5 Be7 6. e3 b6 7. cxd5 Nxd5 8.
Bxe7 Qxe7 9. Nxd5 exd5 10. Bd3 Bb7 11. O-O O-O 12. Rc1 c5 13. Qd2 Qd6 14. Rc3
c4 15. Bb1 Rfe8 16. Rfc1 b5 17. Bf5 Nf6 18. Qe2 Bc8 19. Bxc8 Raxc8 20. Nd2 Ne4
21. Nxe4 Rxe4 22. a3 Rce8 23. g3 Rxd4 24. Qc2 Rde4 25. Rd1 Qc5 26. b3 Rc8 27.
Kf1 Ree8 28. b4 Qc6 29. Qf5 Rcd8 30. Rd4 Qe6 31. Qf3 Rd6 32. Ke2 Qe5 33. Kd2 h6
34. h4 Ree6 35. Rc2 Rf6 36. Qg2 Rd7 37. Rc3 a5 38. f4 Qe7 39. bxa5 Ra6 40. Rxd5
Rxd5+ 41. Qxd5 Rd6 42. e4 Rxd5+ 43. exd5 Qd8 44. a6 Qxd5+ 45. Kc1 Qa8 46. a4
Qxa6 47. axb5 Qxb5 48. Kd2 Qb2+ 49. Rc2 Qb4+ 50. Rc3 h5 51. Kc2 Qc5 52. Kb2 f5
53. Kc2 Kf7 54. Kd1 Qd4+ 55. Kc2 Ke6 56. Ra3 Kd5 57. Ra5+ Ke4 58. Re5+ Kf3 59.
Kc1 c3 0-1

[Event "DVM U16 2014"]
[Site "Magdeburg GER"]
[Date "2014.12.28"]
[Round "4"]
[White "Sirbu, Nikita"]
[Black "Le, Kim Anh"]
[Result "1-0"]
[Termination "normal"]
[Board "10.3"]
[WhiteElo "1473"]
[BlackElo "1269"]
[WhiteTeam "Karlsruher SF 1853"]
[BlackTeam "SK 1980 Gernsheim"]
[PlyCount "85"]
[WhiteFideId "12946370"]
[BlackFideId "12947342"]
[EventCountry "GER"]
[EventRounds "7"]
[EventType "team-swiss"]
[EventDate "2014.12.26"]

1. d4 g6 2. c4 Bg7 3. Nf3 Nf6 4. Nc3 O-O 5. Bf4 d6 6. g3 Bf5 7. Bg2 Qc8 8. O-O
Bh3 9. Re1 Bxg2 10. Kxg2 Ne8 11. e4 Nc6 12. e5 dxe5 13. Nxe5 Qd8 14. Nxc6 bxc6
15. Be5 f6 16. Bf4 Nd6 17. Qe2 Re8 18. Qe6+ Kf8 19. Rad1 Rb8 20. Rd2 Nf5 21.
Qxc6 Rb6 22. Qxc7 Qa8+ 23. d5 e6 24. Qc5+ Kg8 25. f3 Bf8 26. Qf2 g5 27. Be3
Nxe3+ 28. Qxe3 Qc8 29. Qd3 e5 30. Ne4 Bb4 31. Nc3 f5 32. a3 Bc5 33. b4 Bd4 34.
Nb5 g4 35. fxg4 f4 36. Nxd4 fxg3 37. Ne6 gxh2 38. Kxh2 e4 39. Rxe4 Qb8+ 40. Qg3
Qb7 41. Rde2 Qf7 42. Qf4 Qg6 43. Qf5 1-0

[Event "DVM U16 2014"]
[Site "Magdeburg GER"]
[Date "2014.12.28"]
[Round "4"]
[White "Rothermel, Henrik"]
[Black "Joeres, Roman"]
[Result "0-1"]
[Termination "normal"]
[Board "10.4"]
[WhiteElo "1447"]
[BlackElo "1454"]
[WhiteTeam "SK 1980 Gernsheim"]
[BlackTeam "Karlsruher SF 1853"]
[PlyCount "96"]
[WhiteFideId "12947369"]
[BlackFideId "12964816"]
[EventCountry "GER"]
[EventRounds "7"]
[EventType "team-swiss"]
[EventDate "2014.12.26"]

1. e4 e6 2. d3 d5 3. Nd2 c5 4. g3 d4 5. Bg2 e5 6. Ngf3 Nc6 7. c3 Nf6 8. O-O Bd6
9. Re1 O-O 10. Nf1 h6 11. h4 Bg4 12. N1h2 Be6 13. Bd2 Qb6 14. Qc1 Kh7 15. a3
Na5 16. Qc2 Nb3 17. Rad1 a5 18. c4 a4 19. Re2 Qa6 20. Ne1 Rac8 21. f4 b5 22.
cxb5 Qxb5 23. f5 Bd7 24. Qc4 Qxc4 25. dxc4 Bc6 26. g4 Bb7 27. g5 Ng8 28. gxh6
Nxh6 29. Bxh6 gxh6 30. Ng4 f6 31. Kh2 Kg7 32. h5 Bc6 33. Bf3 Rh8 34. Rg2 Kf7
35. Nf2 Rb8 36. Nfd3 Na5 37. Rc1 Bd7 38. Rg6 Bxf5 39. exf5 e4+ 40. Kg1 exf3 41.
Nxf3 Rb3 42. Nfe1 Nc6 43. Rc2 Ne7 44. Rgg2 Nxf5 45. Rgf2 Ne3 46. Rce2 Rg8+ 47.
Kh1 Rg5 48. Nc1 Rb8 0-1

[Event "DVM U16 2014"]
[Site "Magdeburg GER"]
[Date "2014.12.29"]
[Round "5"]
[White "Flüchter, Gregor"]
[Black "Ehmann, Thilo"]
[Result "1-0"]
[Termination "normal"]
[Board "1.1"]
[WhiteElo "2127"]
[BlackElo "2072"]
[WhiteClock "00:17:08"]
[BlackClock "01:20:23"]
[WhiteTeam "SF Brackel 1930"]
[BlackTeam "SF Sasbach"]
[PlyCount "119"]
[WhiteFideId "12903396"]
[BlackFideId "12940968"]
[EventCountry "GER"]
[EventRounds "7"]
[EventType "team-swiss"]
[EventDate "2014.12.26"]

1. e4 {[%clk 1:30:57]} c5 {[%clk 1:30:59]} 2. Nf3 {[%clk 1:31:17]} Nc6 {[%clk
1:31:26]} 3. c3 {[%clk 1:31:36]} Qa5 4. Na3 {[%clk 1:31:27]} d6 {[%clk
1:32:08]} 5. Nc4 {[%clk 1:30:51]} Qc7 {[%clk 1:32:24]} 6. d4 {[%clk 1:29:31]}
cxd4 {[%clk 1:32:05]} 7. cxd4 {[%clk 1:26:25]} g6 {[%clk 1:31:09]} 8. d5 {[%clk
1:20:09]} Ne5 {[%clk 1:31:22]} 9. Ncxe5 {[%clk 1:15:59]} dxe5 {[%clk 1:31:49]}
10. Bb5+ {[%clk 1:15:59]} Bd7 {[%clk 1:30:42]} 11. Bxd7+ {[%clk 1:14:57]} Qxd7
{[%clk 1:31:08]} 12. Nxe5 {[%clk 1:13:09]} Qb5 {[%clk 1:30:42]} 13. Qd3 {[%clk
1:03:14]} Qxd3 {[%clk 1:31:02]} 14. Nxd3 {[%clk 1:03:39]} Nf6 {[%clk 1:31:07]}
15. f3 {[%clk 1:03:03]} Bg7 {[%clk 1:31:29]} 16. Bd2 {[%clk 0:54:38]} O-O
{[%clk 1:31:43]} 17. Ke2 {[%clk 0:53:02]} Rfe8 {[%clk 1:30:21]} 18. Bc3 {[%clk
0:48:17]} Rad8 {[%clk 1:30:11]} 19. Rad1 {[%clk 0:45:54]} Nh5 {[%clk 1:26:22]}
20. Bxg7 {[%clk 0:45:25]} Nxg7 {[%clk 1:26:41]} 21. Nc5 {[%clk 0:35:50]} Rd6
{[%clk 1:17:30]} 22. Rd2 {[%clk 0:34:48]} Rb6 {[%clk 1:14:44]} 23. Rc1 {[%clk
0:32:48]} Rd8 {[%clk 1:12:18]} 24. b3 {[%clk 0:29:11]} f5 {[%clk 1:02:33]} 25.
Na4 {[%clk 0:19:39]} Rbd6 {[%clk 1:02:25]} 26. Rc7 {[%clk 0:18:49]} fxe4 {[%clk
1:02:25]} 27. fxe4 {[%clk 0:19:03]} R6d7 {[%clk 0:59:57]} 28. Rxd7 {[%clk
0:19:02]} Rxd7 {[%clk 1:00:23]} 29. Rc2 {[%clk 0:17:07]} b6 {[%clk 1:00:47]}
30. Rc6 {[%clk 0:12:11]} Kf7 {[%clk 1:01:13]} 31. Nc3 {[%clk 0:11:31]} e6
{[%clk 1:00:53]} 32. Ke3 {[%clk 0:05:02]} exd5 {[%clk 1:01:05]} 33. Nxd5 {[%clk
0:05:20]} Ne6 {[%clk 1:01:07]} 34. b4 {[%clk 0:04:14]} Nd8 {[%clk 0:59:45]} 35.
Rc7 {[%clk 0:01:43]} Rxc7 {[%clk 0:59:44]} 36. Nxc7 {[%clk 0:02:12]} Kf6 {[%clk
0:58:57]} 37. Kf4 {[%clk 0:01:08]} g5+ {[%clk 0:58:45]} 38. Kg4 {[%clk
0:01:14]} Nf7 {[%clk 0:59:09]} 39. Nb5 {[%clk 0:01:03]} a6 {[%clk 0:56:24]} 40.
Nc7 {[%clk 0:01:19]} Ke5 {[%clk 0:55:44]} 41. Nxa6 {[%clk 0:30:45]} Kxe4 {[%clk
1:26:00]} 42. a4 {[%clk 0:27:31]} h6 {[%clk 1:26:29]} 43. Nc7 {[%clk 0:22:52]}
Ne5+ {[%clk 1:26:42]} 44. Kh5 {[%clk 0:22:47]} Ke3 {[%clk 1:27:02]} 45. Kxh6
{[%clk 0:21:24]} g4 {[%clk 1:27:22]} 46. Kg5 {[%clk 0:18:20]} Kf2 {[%clk
1:24:38]} 47. Kf4 {[%clk 0:16:46]} Nd7 {[%clk 1:17:58]} 48. Kxg4 {[%clk
0:16:42]} Kxg2 {[%clk 1:18:00]} 49. h4 {[%clk 0:16:53]} Kf2 {[%clk 1:17:49]}
50. Kf5 {[%clk 0:16:29]} Ke3 {[%clk 1:18:09]} 51. Ke6 {[%clk 0:16:25]} Nf8+
{[%clk 1:18:32]} 52. Kd6 {[%clk 0:16:11]} Kd4 {[%clk 1:18:43]} 53. a5 {[%clk
0:15:49]} bxa5 {[%clk 1:18:56]} 54. bxa5 {[%clk 0:16:18]} Ng6 {[%clk 1:19:00]}
55. h5 {[%clk 0:16:29]} Ne5 {[%clk 1:19:24]} 56. a6 {[%clk 0:16:23]} Nc4+
{[%clk 1:19:43]} 57. Kc6 {[%clk 0:16:38]} Ne5+ {[%clk 1:19:44]} 58. Kb7 {[%clk
0:16:54]} Nc4 {[%clk 1:19:57]} 59. a7 {[%clk 0:17:08]} Na5+ {[%clk 1:20:23]}
60. Ka6 1-0

[Event "DVM U16 2014"]
[Site "Magdeburg GER"]
[Date "2014.12.29"]
[Round "5"]
[White "Riehle, Marco"]
[Black "Birnkraut, Tim"]
[Result "1-0"]
[Termination "normal"]
[Board "1.2"]
[WhiteElo "2034"]
[BlackElo "1954"]
[WhiteClock "00:28:36"]
[BlackClock "00:02:29"]
[WhiteTeam "SF Sasbach"]
[BlackTeam "SF Brackel 1930"]
[PlyCount "88"]
[WhiteFideId "12904392"]
[BlackFideId "24609587"]
[EventCountry "GER"]
[EventRounds "7"]
[EventType "team-swiss"]
[EventDate "2014.12.26"]

1. e4 e5 2. Nf3 Nc6 3. Bc4 Bc5 4. O-O Nf6 5. d4 Bxd4 6. Nxd4 Nxd4 7. Bg5 Qe7 8.
Na3 d6 9. f4 Rg8 10. fxe5 dxe5 11. c3 Ne6 12. Be3 Bd7 13. Qb3 b6 14. Rad1 a5
15. Nb5 a4 16. Qc2 Bc6 17. Rd5 Bxd5 18. exd5 Nc5 19. Rf5 g6 20. Rf1 Ng4 21. Bc1
Rf8 22. d6 cxd6 23. Bd5 O-O-O 24. h3 Qd7 25. c4 f5 26. b4 axb3 27. axb3 Nf6 28.
Qa2 Qxb5 29. cxb5 Nxd5 30. Qa8+ Kd7 31. Qxd5 Rb8 32. Qc6+ Ke6 33. Rd1 Ne4 34.
Ba3 Rfd8 35. Bb4 h6 36. Qd5+ Kf6 37. Re1 Rbc8 38. Rxe4 fxe4 39. Bxd6 Rc5 40.
Bxe5+ Ke7 41. Bf6+ Kxf6 42. Qxd8+ Ke5 43. Qxb6 Rc1+ 44. Kf2 Kd5 1-0

[Event "DVM U16 2014"]
[Site "Magdeburg GER"]
[Date "2014.12.29"]
[Round "5"]
[White "Stemmler, Fabian"]
[Black "Bohnert, Dominik"]
[Result "1-0"]
[Termination "normal"]
[Board "1.3"]
[WhiteElo "1856"]
[BlackElo "2054"]
[WhiteClock "00:14:33"]
[BlackClock "00:03:07"]
[WhiteTeam "SF Brackel 1930"]
[BlackTeam "SF Sasbach"]
[PlyCount "73"]
[WhiteFideId "12964808"]
[BlackFideId "12918075"]
[EventCountry "GER"]
[EventRounds "7"]
[EventType "team-swiss"]
[EventDate "2014.12.26"]

1. e4 e5 2. Nf3 Nc6 3. Bc4 Bc5 4. b4 Bb6 5. a4 a6 6. c3 Nf6 7. d3 d6 8. Bg5 h6
9. Bh4 Qe7 10. Nbd2 Be6 11. Qe2 Ba7 12. Rd1 g5 13. Bg3 h5 14. h4 g4 15. Nh2 Rd8
16. Nhf1 O-O 17. Ne3 d5 18. Nxd5 Bxd5 19. Bxd5 Nxd5 20. exd5 Rxd5 21. c4 Rdd8
22. O-O Rfe8 23. b5 Nd4 24. Qe4 f5 25. Qxb7 Ne2+ 26. Kh2 f4 27. Qxa7 Rxd3 28.
Qxa6 Nxg3 29. Qg6+ Kh8 30. fxg3 fxg3+ 31. Kg1 Rd6 32. Qxh5+ Kg7 33. Ne4 Rg6 34.
Nxg3 Qc5+ 35. Kh1 Rh8 36. Nf5+ Kf7 37. Qxh8 1-0

[Event "DVM U16 2014"]
[Site "Magdeburg GER"]
[Date "2014.12.29"]
[Round "5"]
[White "Zimmer, Raphael"]
[Black "Wastian, Jan"]
[Result "1-0"]
[Termination "normal"]
[Board "1.4"]
[WhiteElo "1842"]
[BlackElo "1656"]
[WhiteClock "00:30:53"]
[BlackClock "00:06:59"]
[WhiteTeam "SF Sasbach"]
[BlackTeam "SF Brackel 1930"]
[PlyCount "49"]
[WhiteFideId "12978841"]
[BlackFideId "12911640"]
[EventCountry "GER"]
[EventRounds "7"]
[EventType "team-swiss"]
[EventDate "2014.12.26"]

1. e4 c6 2. c4 d5 3. exd5 cxd5 4. cxd5 Nf6 5. Nc3 Nxd5 6. Nf3 g6 7. d4 Bg7 8.
Qa4+ Bd7 9. Qb3 Nxc3 10. bxc3 Qc8 11. Bc4 O-O 12. Ng5 Be8 13. O-O Nc6 14. Bd3
Qc7 15. Rb1 Na5 16. Qb4 b6 17. Ba3 Bf6 18. Ne4 Bd7 19. Rbc1 Rfd8 20. d5 Nb7 21.
Rfd1 Be8 22. Nxf6+ Kf8 23. Qh4 h5 24. Qg5 Kg7 25. Bxe7 1-0

[Event "DVM U16 2014"]
[Site "Magdeburg GER"]
[Date "2014.12.29"]
[Round "5"]
[White "Herzum, Peter"]
[Black "Beeck, Mats"]
[Result "1/2-1/2"]
[Termination "normal"]
[Board "2.1"]
[WhiteElo "2024"]
[BlackElo "2127"]
[WhiteTeam "Düsseldorfer SK"]
[BlackTeam "SK Doppelbauer Kiel"]
[PlyCount "132"]
[WhiteFideId "12919217"]
[BlackFideId "12936944"]
[EventCountry "GER"]
[EventRounds "7"]
[EventType "team-swiss"]
[EventDate "2014.12.26"]

1. e4 c5 2. Nf3 d6 3. d4 cxd4 4. Nxd4 Nf6 5. Nc3 g6 6. f4 Nc6 7. Nf3 Bg7 8. Bd3
O-O 9. O-O Bd7 10. Qe1 Rc8 11. Qh4 Qa5 12. f5 Ne5 13. Nxe5 Qxe5 14. Bf4 Qc5+
15. Kh1 Bc6 16. Rae1 Rfe8 17. Re3 b5 18. Rh3 b4 19. Nd1 Bb5 20. Ne3 Bxd3 21.
cxd3 Qd4 22. Nc4 Rxc4 23. dxc4 Qxc4 24. Rc1 Qxa2 25. e5 Nh5 26. exd6 exd6 27.
Bxd6 Qxb2 28. Rf1 Qe2 29. Rhf3 Qe4 30. Qf2 Bd4 31. Qa2 gxf5 32. Bxb4 f4 33. Qa5
Qe5 34. Qxe5 Bxe5 35. Re1 f6 36. Ra3 Rb8 37. Bc5 Rb2 38. Rd1 f3 39. Rxf3 a5 40.
Ra3 Rb5 41. Be3 Nf4 42. Bxf4 Bxf4 43. g3 Be5 44. Rd8+ Kf7 45. Ra8 Kg6 46. R3xa5
Rxa5 47. Rxa5 h5 48. Kg2 Kg5 49. Ra4 Kg6 50. Kf3 Kg5 51. Rh4 Kg6 52. Ra4 Kg5
53. h3 Kg6 54. Ra8 Kg5 55. Rg8+ Kh6 56. Rh8+ Kg5 57. Rg8+ Kh6 58. g4 hxg4+ 59.
Kxg4 Kh7 60. Ra8 Kg6 61. Ra6 Bd4 62. h4 Be5 63. h5+ Kh6 64. Ra8 Bc3 65. Rg8 Be5
66. Kf5 Bd4 1/2-1/2

[Event "DVM U16 2014"]
[Site "Magdeburg GER"]
[Date "2014.12.29"]
[Round "5"]
[White "Pluska, Alexander"]
[Black "Savchenko, Daniel"]
[Result "1-0"]
[Termination "normal"]
[Board "2.2"]
[WhiteElo "1917"]
[BlackElo "1817"]
[WhiteClock "00:43:59"]
[BlackClock "01:11:28"]
[WhiteTeam "SK Doppelbauer Kiel"]
[BlackTeam "Düsseldorfer SK"]
[PlyCount "61"]
[WhiteFideId "12975141"]
[BlackFideId "12919195"]
[EventCountry "GER"]
[EventRounds "7"]
[EventType "team-swiss"]
[EventDate "2014.12.26"]

1. Nf3 f5 2. g3 g6 3. Bg2 Bg7 4. d4 Nf6 5. Bg5 O-O 6. Nc3 d6 7. Bxf6 Bxf6 8.
Qd2 Nd7 9. h4 e6 10. e3 Re8 11. O-O-O e5 12. Ng5 Bxg5 13. hxg5 Qxg5 14. Nd5 Qd8
15. e4 Nf8 16. dxe5 Rxe5 17. f4 Re6 18. exf5 gxf5 19. Bh3 Rg6 20. Rde1 Rg7 21.
Qc3 Rf7 22. Bg2 c6 23. Rh6 Ng6 24. Reh1 Rg7 25. Rxh7 Rxh7 26. Nf6+ Qxf6 27.
Qxf6 Rg7 28. Rh6 Nf8 29. Qd8 Rxg3 30. Rf6 Be6 31. Rxf8+ 1-0

[Event "DVM U16 2014"]
[Site "Magdeburg GER"]
[Date "2014.12.29"]
[Round "5"]
[White "Kaplun, David"]
[Black "Wanner, Lukas"]
[Result "1/2-1/2"]
[Termination "normal"]
[Board "2.3"]
[WhiteElo "1939"]
[BlackElo "1892"]
[WhiteTeam "Düsseldorfer SK"]
[BlackTeam "SK Doppelbauer Kiel"]
[PlyCount "85"]
[WhiteFideId "12901954"]
[BlackFideId "12918148"]
[EventCountry "GER"]
[EventRounds "7"]
[EventType "team-swiss"]
[EventDate "2014.12.26"]

1. d4 d5 2. c4 dxc4 3. Nf3 Nf6 4. e3 e6 5. Bxc4 c5 6. O-O a6 7. Bb3 Nc6 8. Nc3
cxd4 9. Nxd4 Nxd4 10. exd4 Be7 11. d5 exd5 12. Nxd5 Nxd5 13. Bxd5 O-O 14. Bf4
Qb6 15. Qf3 Qxb2 16. Rab1 Qf6 17. Bxb7 Ra7 18. Be4 Bf5 19. Be3 Bxe4 20. Qxe4
Rd7 21. Qa4 Rd6 22. Rfe1 Re6 23. Qg4 Rd8 24. a4 a5 25. Rb5 Bb4 26. Rf1 h6 27.
Bc5 Bxc5 28. Rxc5 Rd4 29. Qh5 Rxa4 30. Rxa5 g6 31. Qb5 Rxa5 32. Qxa5 Kg7 33.
Qc7 Qe5 34. Qc1 Qe4 35. Qc3+ Qe5 36. Qa3 Qd6 37. Qb2+ Qe5 38. Qb4 Qd6 39. Qa5
Qe5 40. Qa3 Qd6 41. Qb3 Qe5 42. Qh3 Qe4 43. Qc3+ 1/2-1/2